00555 2200193 4500001002100000005001700021008004100038035002400079043001200103082001000115090002200125110004600147245003700193250001100230260002800241300002000269650005100289999002100340YOGYA-0411000000137320110415133702.0 ind  0010-041100000001373 aYOPDYOG a304.2 a304.2bInd PlDEP aINDONESIA (Undang-undang, peraturan dsb.) cYogyakarta BPDL Daerah Prop. DIY aCet. 1 aYogyakartacBPDLDc2001 a23 hlm.c21 cm. aEkologi manusia - Undang-udang, Peraturan dsb. a2001-625 CB-D.11